SAT-BOX 机でシリーズのスポーツ - Statistics

General Stats
  • This quiz has been taken 17 times
  • The average score is 8 of 19
Answer Stats
Hint Answer % Correct
机で 野球
88%
机で サッカー
81%
机で 卓球
75%
机で テニス
69%
机で バレーボール
56%
机で ゴルフ
50%
机で バスケットボール
50%
机で ドッジボール
44%
机で ラグビー
38%
机で ボウリング
38%
机で ハンドボール
38%
机で バドミントン
38%
机で フットサル
25%
机で 水泳
25%
机で 弓道
19%
机で 自転車レース
6%
机で スキージャンプ
6%
机で 将棋
6%
机で エアホッケー
0%
No matching quizzes found
Score Distribution
Percent of People with Each Score
Percentile by Number Answered
Your Score History
You have not taken this quiz